Riconosci l'Anno dagli eventi - Quiz n°81 - Statistics

Statistiche generali
  • Questo quiz è stato fatto 5 volte
  • Il punteggio medio è 12 su 15
Statistiche sulle risposte
Indizio Risposta % Corretto
H 15 maggio: sotto il nome di Aerial Medical Service, viene attivato il servizio Royal Flying Doctor Service, ancora oggi operativo.
100%
P 2 dicembre – Italia: la Provincia di Viterbo è istituita con Legge n. 2735.
100%
A A Firenze viene pubblicata la prima edizione del Calendario storico dell'Arma dei Carabinieri.
100%
E 10 febbraio – Germania/USA: primo collegamento telefonico via etere
80%
B 11-19 febbraio – Sankt Moritz, Svizzera: si svolgono i II Giochi olimpici invernali
80%
D 13 gennaio – Francia: inizia la costruzione della linea Maginot
80%
O 18 novembre – Stati Uniti: al Colony Theatre di New York si proietta il cortometraggio a cartoni animati Steamboat Willie di Walt Disney. È la nascita di Topolino.
80%
G 25 marzo – Roma: prima radiocronaca di una partita calcistica, in occasione della sfida internazionale tra Italia e Ungheria.
80%
N 28 settembre – Italia: viene istituita la Federazione Italiana Rugby (FIR)
80%
L 31 luglio – Paesi Bassi: Elizabeth Robinson vince i 100 m alle Olimpiadi di Amsterdam. È la prima gara femminile di atletica leggera nella storia delle Olimpiadi.
80%
I 3 luglio – Gran Bretagna: l'inventore scozzese John Logie Baird mostra la prima trasmissione (tecnica) televisiva a colori.
80%
M 5 settembre – Gran Bretagna: il batteriologo Alexander Fleming scopre l'effetto antibiotico della penicillina.
80%
C Debutta Topolino con L'aereo impazzito, primo cortometraggio di Walt Disney.
80%
F Marzo-aprile: il MIAR (Movimento italiano per l'architettura razionale) organizza a Roma la 1ª mostra di architettura razionale che promuove il Razionalismo italiano.
80%
Anno 1928
60%
Nessun quiz corrispondente trovato
Distribuzione punteggi
Percentuale di utenti per punteggio
Percentile per numero di risposta
I tuoi punteggi nel tempo
Non hai fatto questo quiz